Smart things to know about your career
| Main Author: | |
|---|---|
| Format: | Book |
| Language: | English |
| Published: |
Oxford
Capstone
2001
|
| Subjects: |
| LEADER | 00543cam a2200193 a 4500 | ||
|---|---|---|---|
| 001 | 0000064966 | ||
| 005 | 20030610090000.0 | ||
| 040 | |a mod | ||
| 041 | |a eng | ||
| 020 | 0 | 0 | |a 1841121142 |
| 090 | 0 | 0 | |a 650.14 |b MID |e 2001 |
| 100 | 1 | 0 | |a Middleton |h John |
| 245 | 1 | 0 | |a Smart things to know about your career |c John Middleton |
| 260 | 0 | 0 | |a Oxford |b Capstone |c 2001 |
| 300 | 0 | 0 | |a xiv, 255 p. |c 21 cm |
| 650 | 0 | 0 | |a Career development |
| 650 | 0 | 0 | |a Success in business |
| 852 | 0 | 0 | |a 01 |
| 999 | |a 0208575 |b KEMENTAH |d BOOKS |e Umum |f Perpustakaan KEMENTAH |j AVAILABLE |q GOOD CONDITION | ||